000
00211nam a22000857a 4500
001
1235334
005
20250930124552.0
245
_a
SIRADAN BİR ÇOCUK
_c
ANDREW CLEMENTS
260
_b
GÜNIŞIĞI KİTAPLIĞI YAYINLARI
999
_c
1235334
_d
1235334